| 000 | 00640cam a2200145 4500500 | ||
|---|---|---|---|
| 005 | 20251228052418.0 | ||
| 041 | _afre | ||
| 042 | _adc | ||
| 100 | 1 | 0 |
_aDacher, Michèle _eauthor |
| 245 | 0 | 0 | _aLIBERSKI-BAGNOUD, Danouta. — Les dieux du territoire. Penser autrement la généalogie. Paris, CNRS éditions-Éditions de la Maison des Sciences de l’Homme, 2002, 244 p., bibl., index. |
| 260 | _c2005. | ||
| 500 | _a38 | ||
| 786 | 0 | _nCahiers d'études africaines | 177 | 1 | 2005-03-01 | p. 257i-303i | 0008-0055 | |
| 856 | 4 | 1 | _uhttps://shs.cairn.info/revue-cahiers-d-etudes-africaines-2005-1-page-257i?lang=fr&redirect-ssocas=7080 |
| 999 |
_c1583489 _d1583489 |
||